Perestrojka v torgovle i torgovlja v perestrojke. Osnovnyje napravlenija razvitija ekonomičeskoj reformy v torgovle.
Druhý variant: Pozitívny vplyv prestavby v obchode na určité ukazovatele. Formovanie rôznych foriem vlastníctva. Tri varianty zmien v štátnom obchode (etapovitý, urýchlený, radikálny). Formovanie samostatnosti pri riadení tovarových zásob. Štátne riadenie obchodnej činnosti. Zákon o zmene štátnych p...
Salvato in:
| Autore principale: | |
|---|---|
| Natura: | Capitolo di libro |
| Lingua: | russo |
| Soggetti: | |
| Tags: |
Nessun Tag, puoi essere il primo ad aggiungerne!!
|
MARC
| LEADER | 00000naa a2200000 4500 | ||
|---|---|---|---|
| 001 | r001887 | ||
| 005 | 20220909074022.3 | ||
| 041 | 0 | |a rus | |
| 044 | |a [SU] | ||
| 245 | 1 | 0 | |a Perestrojka v torgovle i torgovlja v perestrojke. |b Osnovnyje napravlenija razvitija ekonomičeskoj reformy v torgovle. |c V.A. Kizilov |
| 520 | |a Druhý variant: Pozitívny vplyv prestavby v obchode na určité ukazovatele. Formovanie rôznych foriem vlastníctva. Tri varianty zmien v štátnom obchode (etapovitý, urýchlený, radikálny). Formovanie samostatnosti pri riadení tovarových zásob. Štátne riadenie obchodnej činnosti. Zákon o zmene štátnych podnikov na akciové spoločnosti. Zákon o súčinnosti riadiacich a štátnych orgánov s občanmi vykonávajúcimi obchodnú činnosť na základe nájmu majetku podnikov. Postavenie obchodných združení. | ||
| 610 | 2 | 0 | |a obchod vnútorný |
| 610 | 2 | 0 | |a ZSSR |
| 610 | 2 | 0 | |a mechanizmus hospodársky |
| 610 | 2 | 0 | |a vlastníctvo |
| 610 | 2 | 0 | |a chozrasčot |
| 610 | 2 | 0 | |a spoločnosti akciové |
| 610 | 2 | 0 | |a riadenie |
| 100 | 1 | |a Kizilov, V.A. | |